Quizzes
Events
Quiz Creation
Community
Videos
Private Events
Remove Ads
Sign In
Join for FREE
Feedback
Dark Mode
Quiz Categories
Sports
Geography
Music
Movies
Television
Just For Fun
Miscellaneous
History
Literature
Language
Science
Gaming
Entertainment
Religion
Holiday
For Kids
Quiz Lab
Recent
Popular Today
Quiz Kudos Today
Editor Picks
Curator Picks
Quizzes by...
Day
Popularity
Type
Ratings
Length
Year
Community
Subscriptions
Recent Discussions
Orange Saloon
Badges
Playlists
Quests
Create
Leaderboards
Showdown
Live 5
Trivia Bingo
Activity
Puzzle Library
Sporcle Events
Private Events
Virtual Trivia
Globe League
Become a Host
Pub Owners
SporcleCon
Opinionation
Our Games
Videos
Blog
Mobile Apps
Partnerships
Remove Ads and Go Orange
Feedback
Sports
Athletes
MLB
NBA
NHL
NFL
Soccer
Sports Teams
WWE
NCAA
Football
Premier League
Basketball
Baseball
Hockey
Golf
Tennis
Cricket
Rugby
Auto Racing
Olympics
World Cup
Sports
Athletes
MLB
NBA
NHL
NFL
Soccer
Sports Teams
WWE
NCAA
Football
Premier League
Basketball
Baseball
Hockey
Golf
Tennis
Cricket
Rugby
Auto Racing
Olympics
World Cup
Random Quiz
Search Sporcle
×
Quiz Lab
Quiz Lab
Sports
NBA
Type in answers that appear in a list
Type in answers that appear in a list
Classic
Best Score? Go Orange.
Detroit Pistons win share season leaders Stats
Can you name the Detroit Pistons' regular-season win share leaders?
By
swenska
7m
74 Questions
717 Plays
717 Plays
717 Plays
Comments
Comments
Give Quiz Kudos
Give Quiz Kudos
-
- Ratings
hide this ad
More Info
Replay
Link that replays current quiz
Next Quiz
Link to next quiz in quiz playlist
You Got
0%
They Got
Avg Score
51%
Avg Friend Score
Upgrade to see
Score Distribution
Jump to the score distribution portion of the page
Score
0/74
Timer
07:00
0
Plays Today
Season
Player
% Correct
2017-
18
Andre Drummond
100%
2018-
19
Andre Drummond
100%
1984-
85
Isiah Thomas
99.2%
2015-
16
Andre Drummond
97.7%
2003-
04
Chauncey Billups
97.5%
2004-
05
Chauncey Billups
97.5%
2005-
06
Chauncey Billups
97.5%
2006-
07
Chauncey Billups
97.5%
2007-
08
Chauncey Billups
97.5%
1990-
91
Joe Dumars
96.2%
1992-
93
Joe Dumars
96.2%
2001-
02
Ben Wallace
96.2%
2002-
03
Ben Wallace
96.2%
2009-
10
Ben Wallace
96.2%
1982-
83
Bill Laimbeer
93.3%
1983-
84
Bill Laimbeer
93.3%
1985-
86
Bill Laimbeer
93.3%
1986-
87
Bill Laimbeer
93.3%
1988-
89
Bill Laimbeer
93.3%
1989-
90
Bill Laimbeer
93.3%
2014-
15
Andre Drummond
87.8%
1994-
95
Grant Hill
85.7%
1995-
96
Grant Hill
85.7%
1996-
97
Grant Hill
85.7%
1997-
98
Grant Hill
85.7%
1998-
99
Grant Hill
85.7%
1999-
00
Grant Hill
85.7%
2013-
14
Andre Drummond
85.7%
1991-
92
Dennis Rodman
85%
2010-
11
Greg Monroe
85%
2011-
12
Greg Monroe
85%
2012-
13
Greg Monroe
85%
2008-
09
Tayshaun Prince
80.7%
2000-
01
Jerry Stackhouse
79.6%
1987-
88
Adrian Dantley
67.3%
1971-
72
Bob Lanier
67.1%
1972-
73
Bob Lanier
67.1%
Season
Player
% Correct
1973-
74
Bob Lanier
67.1%
1974-
75
Bob Lanier
67.1%
1975-
76
Bob Lanier
67.1%
1976-
77
Bob Lanier
67.1%
1977-
78
Bob Lanier
67.1%
1979-
80
Bob Lanier
67.1%
2021-
22
Saddiq Bey
66.7%
1967-
68
Dave Bing
65.3%
1970-
71
Dave Bing
65.3%
2016-
17
Tobias Harris
57.6%
1956-
57*
George Yardley
35.1%
1981-
82
Kelly Tripucka
30.6%
1966-
67
Dave DeBusschere
27.1%
2020-
21
Mason Plumlee
22.2%
1957-
58
George Yardley
21.4%
1955-
56*
Larry Foust
15.1%
1954-
55*
Larry Foust
15.1%
1953-
54*
Larry Foust
15.1%
1952-
53*
Larry Foust
15.1%
1951-
52*
Larry Foust
15.1%
1960-
61
Bailey Howell
14.3%
1961-
62
Bailey Howell
14.3%
1962-
63
Bailey Howell
14.3%
1963-
64
Bailey Howell
14.3%
1969-
70
Jimmy Walker
12.2%
2019-
20
Christian Wood
11.1%
1993-
94
Terry Mills
10.1%
1959-
60
Gene Shue
6.6%
1980-
81
Terry Tyler
5.2%
1950-
51*
Fred Schaus
3.9%
1949-
50*
Fred Schaus
3.9%
1964-
65
Terry Dischinger
3.8%
1978-
79
M.L. Carr
3.8%
1958-
59
Dick McGuire
2.9%
1965-
66
Eddie Miles
2.4%
1968-
69
Happy Hairston
1.7%
2022-
23
Jalen Duren
0%
Quiz Playlist
Details
Report
Send in Message
Add To Playlist
More Info:
* - As the Fort Wayne Pistons
Classic:
Type in answers that appear in a list
Quiz Source
Last Updated: Apr 13, 2017
Quiz Scoreboard
CHALLENGE
Sign Up to Join the Scoreboard
Show All
Scores
Hide
Comments
May contain spoilers
Recently Published
College Basketball Coaching Resumes
by pancakes188
Sports
9m
Billboard Blitz: Fleetwood Mac
by CooCooCachoo
Music
15s
Presidents Visiting Landmarks
by Hejman
History
7m
More to Explore
Quiz From the Vault
Featured Blog Post
Where Did the Easter Bunny Come From?
hide this ad
You Might Also Like...
Tags
Basketball Quiz
NBA Quiz
detroit
Detroit Pistons
NBA Team Leaders
Today's Top Quizzes in Sports
Browse Sports
hide this ad
Today's Top Quizzes in NBA
Browse NBA
Top Contributed Quizzes in Sports
1
Les meilleurs buteurs des matchs entre le PSG et l’OM
2
2022 World Cup Stars
3
FIFA Club World Cup Champions
4
Les entraîneurs de l'OM et du PSG au 21e siècle
5
Criteria MLB: Left Handed Sluggers
6
AFC Teams Reveal (Wrong Answers Minefield)
7
5-to-1: UK Sports Teams
8
Name the Premier League winners with different clubs
9
5-to-1: FBS Animal Nicknames
10
Players with Multiple 50 Home Run Seasons
Explore More
Trending Topics
Kpop
Marvel
Harry Potter
Crossword
Disney
NBA
Anime
Puzzle
Song
Country
Soccer
The Office
WWE
Pokémon
NFL
hide this ad
More By:
swenska
Quiz
Plays
Rating
Category
Featured
Created
San Antonio Spurs win share season leaders
2,311
5.00
Sports
Aug 12, 2015
Miami Heat win share season leaders
807
4.75
Sports
Aug 12, 2015
Chicago Bulls win share season leaders
785
5.00
Sports
Aug 12, 2015
Detroit Pistons win share season leaders
717
4.75
Sports
Feb 24, 2015
Houston Rockets win share season leaders
709
5.00
Sports
Aug 12, 2015
Go to Creator's Profile
Score Distribution
Quiz Creator Spotlight
swenska
Follow
Send a Message
Quizzes Created
-
Created Quiz Play Count
-
More By This Creator
Popular Quizzes Today
1
Find the US States - No Outlines Minefield
2
Find the Countries of Europe - No Outlines Minefield
3
The Countries of the World
4
Find the US States
5
Risky Map Clicking: Biggest States A-Z
6
US States
7
Popular People in 1961
8
Movies - When Are They Set?
More Sports Quizzes
NBA Teams' Last Rookie of the Year
Published
Trending Quizzes
Risky Map Clicking: Least Populous States A-Z
1-10 Letter G Words
1-10 Letter F Words
Risky Map Clicking: Next State Alphabetically
Click the Washington State Counties! (Map)
Recently Updated
Leaping Animals
pecheneg
Reality TV Shows (A-Z)
bhenderson79
Rickey Henderson's Hall of Fame Teammates
pecheneg
Champions League XIs: Arsenal
pecheneg
Quick Pick: Celebrities in WWE's Hall of Fame
aduchscher
A-Z Keypad Blitz II
pecheneg
Multiple Oscar Actors
pecheneg
Mystery Phrase Blitz: Oscar 'Best Actors'
pecheneg
F. Scott Fitzgerald Novels
LTH
Pick 3 Villains
ddd62291
Trending Topics
Anime
Crossword
Harry Potter
NBA
Kpop
Disney
Marvel
Country
Puzzle
Soccer
NFL
WWE
Pokémon
The Office
Song
Your Account Isn't Verified!
In order to create a playlist on Sporcle, you need to verify the email address you used during registration. Go to your
Sporcle Settings
to finish the process.
Report this User
Report this user for behavior that violates our
Community Guidelines
.
Details:
Send Report
Go to the Sporcle.com Mobile Site →
Comments